000 02550cam a2200169 4500500
005 20260426012533.0
041 _afre
042 _adc
100 1 0 _aMakosso, Bethuel
_eauthor
245 0 0 _aAnalyse du processus concurrentiel dans les services des télécommunications au Congo : l'incidence des externalités de réseau et de la réglementation sur la dynamique du secteur de la téléphonie
260 _c2005.
500 _a73
520 _aLe marché congolais des télécommunications a subi de profondes mutations depuis la mise en application de la loi n?14-97 du 26 mai 1997 qui autorisait son ouverture à la concurrence. L’ONPT qui est resté longtemps en situation de monopole se partage désormais le marché avec les opérateurs privés. Mais le mouvement déréglementaire qui traverse ce secteur confère encore à l’ONPT (devenu SOTELCO depuis mai 2003) le monopole des services de base jouant un rôle structurant dans les télécommunications, le plaçant ainsi dans une position dominante. Dans le segment du marché de la téléphonie cellulaire, l’exploitation dynamique des externalités de réseau par l’opérateur Celtel détermine sa part de marché et la position concurrentielle de ses concurrents directs Cyrus et Libertis. Ainsi la dynamique du marché congolais de la téléphonie est sous l’impulsion des économies de réseau et de la réglementation
520 _aCompetition process in telecommunications services in Gongo. Impact of network externalities and of regulation on the phone sector’s dynamic The congolese market of telecommunications has undergone profound changes since the implementation of the May, 26 law n?14-97 which allowed its opening to competition. The ONPT (becoming SOTELCO since may 2003) which has long remained in a position of monopoly has now to share the market with private operators. But the deregulation movement which prevails in this sector still grants ONPT monopoly on basic services which plays a structuring role in Telecommunications, thus placing it in a dominant position. In the cellular phone market, the dynamic exploitation of network externalities by Celtel determines its part of the market and the competitive position of its direct rivals Cyrus and Libertis. Thus the dynamics of Congolese phone market is under the impetus of the network economies and regulation.
786 0 _nInnovations | 21 | 1 | 2005-03-01 | p. 217-242 | 1267-4982
856 4 1 _uhttps://shs.cairn.info/revue-innovations-2005-1-page-217?lang=fr&redirect-ssocas=7080
999 _c2224218
_d2224218